000 00331nam a22001457a 4500
003 OSt
005 20220112153134.0
008 220112b |||||||| |||| 00| 0 eng d
020 _a9788126152827
040 _cHU
082 _a551.41
100 _aPrasad
_924709
245 _aIntroduction To Geomorphology
942 _2ddc
_cBOOKS
_n0
999 _c26788
_d26788